Computational problems in abstract algebra : proceedings /

Guardado en:
Autores Corporativos: Proceeding of a conference on Computational problems in abstract algebra, Atlas Computer Laboratory.
Otros Autores: Leech, John, 1926-, (Editor , ed.), Howlett, J. (Autor de introducción, etc.)
Formato: Libro
Idioma:English
Publicado: Oxford : Pergamon Press, c1970.
Edición:1st ed.
Materias:
Etiquetas: Agregar Etiqueta
Sin Etiquetas, Sea el primero en etiquetar este registro!
LEADER 01205nam a22002775a 4500
001 EIQ.libpla000255
008 760122s1970####enk######b####100#0#eng#d
005 20060511153248.0
245 0 0 |a Computational problems in abstract algebra :  |b proceedings /  |c edited by John Leech ; with a foreword by J. Howlett. 
250 |a 1st ed. 
260 |a Oxford :  |b Pergamon Press,  |c c1970. 
300 |a x, 402 p. ;  |c 23 cm. 
500 |a "Papers based on lectures presented at a conference held at Oxford under the auspices of the Science Research Council, Atlas Computer Laboratory, Aug. 29-Sept. 2, 1967". 
504 |a Incluye referencias bibliográficas. 
700 1 |a Leech, John,  |d 1926-,  |e ed.  |4 edt 
700 1 |a Howlett, J.  |4 aui 
711 2 |a Proceeding of a conference on Computational problems in abstract algebra  |d (1967 :  |c Oxford) 
710 2 |a Atlas Computer Laboratory. 
082 0 0 |a 512/.8/018 
650 4 |a Álgebra abstracta  |x Congresos. 
650 4 |a Álgebra abstracta  |x Procesamiento de datos. 
650 4 |a Algebra, Abstract  |x Congresses. 
650 4 |a Algebra, Abstract  |x Data processing. 
010 |a  75084072  
040 |a DLC  |c DLC  |d AR-BbSID 
859 |a AR-BbSID  |b BIB. PLAPIQUI  |h 512.021  |i L 51  |p 1845